contas de matemática - Statistics

Estatísticas Gerais
  • Esse quiz foi jogado 1 343 vezes
  • A pontuação média é 10 de 11
Estatísticas das Respostas
Hint Resposta % Correto
2+2 4
100%
23x0 0
97%
8x5 40
96%
200+362 562
96%
82-6 76
96%
10x8000 80000
96%
6x7 42
95%
8x9 72
95%
3250-500 2750
92%
122-78 44
89%
725-526 199
88%
Nenhum quiz correspondente encontrado
Distribuição das Pontuações
Porcentagem de Pessoas com Cada Pontuação
Percentil de Números Respondidos
Sua Pontuação Histórica
Você não jogou esse quiz